000 00691nam a2200193 i 4500
001 97906
003 ES-MaACL
005 20230906182159.0
007 t|
008 050719s1945 sp ||||1| spa d
100 1 _aMariscal y García, Nicasio.
_976895
245 1 0 _aUna lira arcaica (de los 15 a los 80 años)
_b: retazos de la vida de un hombre algo imaginativo /
_csu autor Dr. Nicasio Mariscal y García.
260 _aMadrid :
_b[s.n.],
_c1945 (
_fTip. Florez)
300 _a440 p., lám. I-XIII ;
_c23 cm.
490 1 _aObras completas literarias ;
_vT.I
830 0 _aObras completas literarias ;
_vT.I
_9232306
852 _aES-MaACL
_jE-4080
_bR.32827
999 _c97906
_d97906